000 00605nam a2200193Ia 4500
003 GCL
008 140319s9999 xx 000 0 ara d
040 _aGCL /
_cGCL
082 0 4 _a810.19
_bش ب
100 1 _aشوقى ضيف
245 1 0 _aالبحث الادبى : طبيعته: مناهجة : اصولة : مصادرة /
_cشوقى ضيف
250 _aالسابعة
260 _aالقاهرة :
_bدار المعارف ،
_c1992
300 _a278 ص ؛
_c22 سم
490 _aمكتبة الدراسات الادبية
_v0
650 0 4 _aالادب
650 0 4 _aالبحث
942 _2ddc
_cBK
999 _c55396
_d55396